Tradition et innovation dans l`épopée latine, de l`Antiquité au Moyen Age
Na minha lista:
| Main Authors: | , |
|---|---|
| Formato: | Livro |
| Idioma: | francês |
| Publicado em: |
Burdeos
Ausonius
2014
|
| Edição: | 1a. ed |
| Colecção: | ScriptaReceptoria, 1
|
| Assuntos: | |
| Tags: |
Adicionar Tag
Sem tags, seja o primeiro a adicionar uma tag!
|
MARC
| LEADER | 00000cam a2200000 a 4500 | ||
|---|---|---|---|
| 001 | UCC5991 | ||
| 003 | CL-VaPUC | ||
| 008 | 181116e20140000fr |||||||||||||||||fre|d | ||
| 020 | |a 9782356131201 | ||
| 082 | 0 | 4 | |a 871 |b EST |2 21 |
| 100 | 0 | |a Estèves, Aline |e author |9 600428 | |
| 700 | 0 | |a Meyers, Jean |e author |9 600429 | |
| 245 | 1 | 0 | |a Tradition et innovation dans l`épopée latine, de l`Antiquité au Moyen Age |
| 250 | |a 1a. ed | ||
| 300 | |a 234 p | ||
| 942 | |c BK | ||
| 945 | |d 20181116 13:40:00 |a dcastane | ||
| 260 | |a Burdeos |b Ausonius |c 2014 | ||
| 650 | 0 | |a Literatura latina |9 258055 | |
| 650 | 7 | |a EPOPEYAS LATINAS |2 CL-VaPUC |9 346804 | |
| 650 | 7 | |a POESIA EPICA LATINA |2 CL-VaPUC |9 268422 | |
| 583 | |a last modification |c 20181116 13:40:00 |k Rodrigo Vera | ||
| 490 | 0 | |a ScriptaReceptoria, 1 | |
| 999 | |c 373074 |d 373072 | ||
| 952 | |0 0 |1 0 |3 erb |4 0 |6 871_000000000000000_EST_2014 |7 0 |8 A |9 491005 |a BIBHIS |b BIBHIS |i 5513987 |o 871 EST 2014 |p 5513987 |r 2025-01-20 |w 2019-11-24 |y BK |z Catalogado en:20181116 |k HIS | ||